[Event "Amantea op-B 8th"]
[Site "Amantea"]
[Date "2010.09.01"]
[Round "4"]
[White "Carlomagno, Vincenzo"]
[Black "Lo Cascio, Marco"]
[Result "1-0"]
[WhiteElo "1851"]
[BlackElo "1593"]
[PlyCount "65"]
[EventDate "2010.08.29"]
[EventType "swiss"]
[EventRounds "9"]
[EventCountry "ITA"]
[SourceTitle "CBM 138 Extra"]
[Source "ChessBase"]
[SourceDate "2010.10.29"]
[SourceVersion "1"]
[SourceVersionDate "2010.10.29"]
[SourceQuality "1"]

1. e4 c6 2. d4 d5 3. e5 c5 4. dxc5 Nc6 5. Nf3 e6 6. c3 Qc7 7. Bf4 Nge7 8. Bb5 Ng6 9. Bg3 Bxc5 10. Qe2 0-0 11. Nbd2 Rd8 12. Nb3 Be7 13. 0-0 a6 14. Bd3 Bd7 15. h4 b5 16. h5 Nf8 17. Nh2 Qb6 18. Ng4 h6 19. Bf4 Nh7 20. Be3 Qc7 21. f4 f5 22. Nh2 Be8 23. g4 Bd7 24. gxf5 exf5 25. Nf3 Rf8 26. Kh1 Rf7 27. Nbd4 Nxd4 28. Nxd4 Nf8 29. Rg1 Be6 30. Qg2 Kh8 31. Bxf5 Bxf5 32. Nxf5 Ne6 33. Qg6 1-0